[Event "World Youth & Cadets Blitz Championships"]
[Site "Rhodes, Greece"]
[Date "2022.05.03"]
[Round "8.29"]
[White "Modith, Aaroh Mutyalapati"]
[Black "Safin, Safarullakhan"]
[Result "0-1"]
[TimeControl "5'/game & 2\"/move"]
[WhiteElo "1598"]
[BlackElo "1379"]

1. d4 {[%clk 00:04:59]} Nf6 {[%clk 00:05:03]} {[%emt 00:00:02]} 2. c4 {[%clk
00:05:00]} {[%emt 00:00:02]} e6 {[%clk 00:05:04]} {[%emt 00:00:01]} 3. Nc3
{[%clk 00:05:01]} {[%emt 00:00:01]} Bb4 {[%clk 00:05:04]} {[%emt 00:00:01]} 4.
Bd2 {[%clk 00:05:02]} b6 {[%clk 00:05:04]} {[%emt 00:00:02]} 5. Nf3 {[%clk
00:05:02]} {[%emt 00:00:02]} Bb7 {[%clk 00:05:04]} {[%emt 00:00:01]} 6. a3
{[%clk 00:05:02]} {[%emt 00:00:03]} Bxc3 {[%clk 00:05:05]} {[%emt 00:00:01]} 7.
Bxc3 {[%clk 00:05:03]} {[%emt 00:00:02]} d5 {[%clk 00:05:04]} {[%emt 00:00:03]}
8. cxd5 {[%clk 00:05:00]} {[%emt 00:00:04]} exd5 {[%clk 00:05:04]} {[%emt
00:00:01]} 9. e3 {[%clk 00:05:01]} {[%emt 00:00:02]} Nbd7 {[%clk 00:05:03]}
{[%emt 00:00:03]} 10. Bd3 {[%clk 00:05:01]} {[%emt 00:00:02]} c5 {[%clk
00:05:02]} {[%emt 00:00:02]} 11. O-O {[%clk 00:04:59]} {[%emt 00:00:04]} O-O
{[%clk 00:05:02]} {[%emt 00:00:02]} 12. Qb1 {[%clk 00:04:55]} {[%emt 00:00:06]}
h6 {[%clk 00:05:03]} {[%emt 00:00:02]} 13. Qd1 {[%clk 00:04:49]} {[%emt
00:00:08]} Re8 {[%clk 00:05:04]} 14. Re1 {[%clk 00:04:49]} {[%emt 00:00:02]}
Rc8 {[%clk 00:05:03]} {[%emt 00:00:02]} 15. Rc1 {[%clk 00:04:50]} {[%emt
00:00:01]} Ne4 {[%clk 00:05:02]} {[%emt 00:00:03]} 16. Bxe4 {[%clk 00:04:39]}
{[%emt 00:00:13]} dxe4 {[%clk 00:05:03]} {[%emt 00:00:01]} 17. Nd2 {[%clk
00:04:34]} {[%emt 00:00:08]} f5 {[%clk 00:05:04]} {[%emt 00:00:01]} 18. Qb3+
{[%clk 00:04:33]} {[%emt 00:00:03]} Kh7 {[%clk 00:04:56]} {[%emt 00:00:10]} 19.
dxc5 {[%clk 00:04:27]} {[%emt 00:00:07]} Nxc5 {[%clk 00:04:56]} {[%emt
00:00:02]} 20. Qf7 {[%clk 00:04:24]} {[%emt 00:00:05]} Re7 {[%emt 00:00:36]} 21.
Qxf5+ {[%clk 00:04:11]} Kg8 {[%clk 00:04:26]} {[%emt 00:00:12]} 22. Bb4 {[%clk
00:03:53]} {[%emt 00:00:20]} Rf7 {[%clk 00:04:20]} {[%emt 00:00:08]} 23. Qg4
{[%clk 00:03:46]} {[%emt 00:00:09]} a5 {[%clk 00:04:18]} {[%emt 00:00:04]} 24.
Bxc5 {[%clk 00:03:33]} {[%emt 00:00:15]} Qxd2 {[%clk 00:04:13]} {[%emt
00:00:07]} 25. Bb4 {[%clk 00:03:26]} {[%emt 00:00:10]} Qxc1 {[%clk 00:04:06]}
{[%emt 00:00:08]} 26. h3 {[%clk 00:02:56]} {[%emt 00:00:32]} Qc2 {[%clk
00:04:00]} {[%emt 00:00:09]} 27. Bc3 {[%clk 00:02:54]} {[%emt 00:00:03]} Qxf2+
{[%clk 00:03:58]} {[%emt 00:00:04]} 28. Kh1 {[%clk 00:02:54]} {[%emt 00:00:02]}
Rxc3 {[%clk 00:03:54]} {[%emt 00:00:06]} 29. bxc3 {[%clk 00:02:51]} {[%emt
00:00:06]} Qxe1+ {[%clk 00:03:55]} {[%emt 00:00:01]} 30. Kh2 {[%clk 00:02:51]}
{[%emt 00:00:02]} Qxe3 {[%emt 00:00:06]} 31. Qe6 {[%emt 00:00:03]} Qf4+ {[%clk
00:03:49]} {[%emt 00:00:03]} 32. Kg1 {[%clk 00:02:51]} {[%emt 00:00:01]} e3
{[%clk 00:03:46]} {[%emt 00:00:06]} 33. Qe8+ {[%emt 00:00:05]} Rf8 {[%clk
00:03:43]} {[%emt 00:00:02]} 34. Qe6+ {[%clk 00:02:51]} {[%emt 00:00:02]} Kh8
{[%clk 00:03:40]} {[%emt 00:00:04]} 35. Qxb6 {[%clk 00:02:48]} {[%emt
00:00:03]} e2 {[%clk 00:03:39]} {[%emt 00:00:06]} 36. Qb1 {[%clk 00:01:35]}
{[%emt 00:01:15]} Qf1+ {[%clk 00:03:35]} {[%emt 00:00:06]} 37. Kh2 {[%clk
00:01:33]} {[%emt 00:00:03]} Qxb1 {[%clk 00:03:34]} {[%emt 00:00:03]} 38. c4
{[%clk 00:01:34]} {[%emt 00:00:02]} e1=Q {[%emt 00:00:08]} 39. c5 {[%clk
00:01:34]} Qbe4 {[%clk 00:03:16]} {[%emt 00:00:13]} 40. c6 {[%clk 00:01:33]}
{[%emt 00:00:03]} Qf4+ {[%clk 00:03:14]} {[%emt 00:00:03]} 41. g3 {[%clk
00:01:34]} {[%emt 00:00:01]} Qff2# {[%clk 00:03:13]} {[%emt 00:00:02]} 0-1

[Event "World Youth & Cadets Blitz Championships"]
[Site "Rhodes, Greece"]
[Date "2022.05.03"]
[Round "8.30"]
[White "Skouroupathis, Kyriakos"]
[Black "Vihaan, Anupam Agrawal"]
[Result "1-0"]
[TimeControl "5'/game & 2\"/move"]
[WhiteElo "1152"]
[BlackElo "1325"]

1. e4 {[%clk 00:05:03]} d5 {[%clk 00:05:03]} {[%emt 00:00:01]} 2. exd5 {[%clk
00:05:04]} {[%emt 00:00:02]} Nf6 {[%clk 00:05:04]} {[%emt 00:00:01]} 3. Nc3
{[%clk 00:05:04]} {[%emt 00:00:02]} Nxd5 {[%clk 00:05:04]} {[%emt 00:00:01]} 4.
Bc4 {[%clk 00:05:02]} {[%emt 00:00:03]} Nb6 {[%clk 00:04:57]} {[%emt 00:00:11]}
5. Bb3 {[%clk 00:05:03]} {[%emt 00:00:01]} Bf5 {[%clk 00:04:48]} {[%emt
00:00:11]} 6. Nf3 {[%clk 00:05:02]} {[%emt 00:00:03]} Nc6 {[%clk 00:04:45]}
{[%emt 00:00:04]} 7. d3 {[%clk 00:05:03]} {[%emt 00:00:02]} e6 {[%clk
00:04:45]} {[%emt 00:00:02]} 8. Bf4 {[%clk 00:05:01]} {[%emt 00:00:03]} Be7
{[%clk 00:04:14]} {[%emt 00:00:33]} 9. Nb5 {[%clk 00:04:57]} {[%emt 00:00:06]}
Rc8 {[%clk 00:04:12]} {[%emt 00:00:05]} 10. Nxc7+ {[%clk 00:04:38]} {[%emt
00:00:21]} Rxc7 {[%clk 00:04:10]} {[%emt 00:00:04]} 11. Bxc7 {[%clk 00:04:37]}
{[%emt 00:00:03]} Qxc7 {[%clk 00:04:09]} {[%emt 00:00:02]} 12. O-O {[%clk
00:04:36]} {[%emt 00:00:03]} O-O {[%clk 00:04:09]} {[%emt 00:00:03]} 13. Re1
{[%clk 00:04:36]} {[%emt 00:00:01]} Bf6 {[%clk 00:04:05]} {[%emt 00:00:06]} 14.
c3 {[%clk 00:04:19]} {[%emt 00:00:19]} Rd8 {[%clk 00:03:57]} {[%emt 00:00:10]}
15. d4 {[%clk 00:04:20]} e5 {[%clk 00:01:59]} {[%emt 00:02:01]} 16. d5 {[%clk
00:03:43]} {[%emt 00:00:38]} e4 {[%clk 00:01:51]} {[%emt 00:00:11]} 17. Qe2
{[%clk 00:03:12]} {[%emt 00:00:32]} Ne7 {[%clk 00:00:58]} {[%emt 00:00:56]} 18.
Nd2 {[%clk 00:02:58]} {[%emt 00:00:15]} Nexd5 {[%clk 00:00:53]} {[%emt
00:00:08]} 19. Bxd5 {[%clk 00:02:54]} {[%emt 00:00:05]} Nxd5 {[%clk 00:00:34]}
{[%emt 00:00:22]} 20. Nxe4 {[%clk 00:02:46]} {[%emt 00:00:09]} Be5 {[%clk
00:00:30]} {[%emt 00:00:07]} 21. g3 {[%clk 00:02:28]} {[%emt 00:00:19]} h6
{[%clk 00:00:21]} {[%emt 00:00:12]} 22. Rad1 {[%clk 00:02:16]} {[%emt
00:00:13]} Nf6 {[%clk 00:00:11]} {[%emt 00:00:12]} 23. Nxf6+ {[%clk 00:02:11]}
{[%emt 00:00:08]} Bxf6 {[%clk 00:00:11]} {[%emt 00:00:02]} 24. Rxd8+ {[%clk
00:02:08]} {[%emt 00:00:03]} Qxd8 {[%clk 00:00:11]} {[%emt 00:00:03]} 25. Qb5
{[%clk 00:01:53]} {[%emt 00:00:17]} Qd7 {[%clk 00:00:08]} {[%emt 00:00:06]} 26.
Qe2 {[%clk 00:01:22]} {[%emt 00:00:32]} Kh7 {[%clk 00:00:08]} {[%emt 00:00:02]}
27. Qe3 {[%clk 00:01:15]} {[%emt 00:00:09]} a6 {[%clk 00:00:08]} {[%emt
00:00:03]} 28. Kh1 {[%clk 00:00:59]} {[%emt 00:00:17]} Qc6+ {[%clk 00:00:06]}
{[%emt 00:00:04]} 29. Kg1 {[%clk 00:00:55]} {[%emt 00:00:06]} Bh3 {[%clk
00:00:04]} {[%emt 00:00:05]} 30. Qe4+ {[%clk 00:00:56]} Qxe4 {[%clk 00:00:04]}
{[%emt 00:00:02]} 31. Rxe4 {[%clk 00:00:58]} Bf5 {[%clk 00:00:06]} {[%emt
00:00:02]} 1-0

[Event "World Youth & Cadets Blitz Championships"]
[Site "Rhodes, Greece"]
[Date "2022.05.03"]
[Round "8.31"]
[White "Hryzlova, Sofiia"]
[Black "Czarnecka, Lidia"]
[Result "0-1"]
[TimeControl "5'/game & 2\"/move"]
[WhiteElo "2021"]
[BlackElo "1956"]

1. c4 {[%clk 00:05:01]} {[%emt 00:00:02]} c6 {[%clk 00:05:03]} {[%emt
00:00:01]} 2. Nf3 {[%clk 00:05:01]} {[%emt 00:00:02]} d5 {[%clk 00:05:05]}
{[%emt 00:00:01]} 3. e3 {[%clk 00:05:01]} {[%emt 00:00:02]} Nf6 {[%clk
00:05:06]} {[%emt 00:00:01]} 4. Nc3 {[%clk 00:05:00]} {[%emt 00:00:04]} e6
{[%clk 00:04:59]} {[%emt 00:00:08]} 5. b3 {[%clk 00:04:59]} {[%emt 00:00:03]}
Be7 {[%clk 00:04:59]} {[%emt 00:00:01]} 6. Bb2 {[%clk 00:04:58]} {[%emt
00:00:03]} O-O {[%clk 00:05:00]} {[%emt 00:00:02]} 7. Qc2 {[%clk 00:04:58]}
{[%emt 00:00:02]} Nbd7 {[%clk 00:05:00]} {[%emt 00:00:02]} 8. d4 {[%clk
00:04:47]} {[%emt 00:00:12]} b6 {[%clk 00:04:56]} {[%emt 00:00:07]} 9. Bd3
{[%clk 00:04:45]} {[%emt 00:00:04]} Bb7 {[%clk 00:04:56]} {[%emt 00:00:02]} 10.
O-O {[%clk 00:04:44]} {[%emt 00:00:02]} Rc8 {[%clk 00:04:53]} {[%emt 00:00:05]}
11. Rac1 {[%clk 00:04:38]} {[%emt 00:00:09]} h6 {[%clk 00:04:46]} {[%emt
00:00:09]} 12. Rfd1 {[%clk 00:04:36]} {[%emt 00:00:04]} Qc7 {[%clk 00:04:42]}
{[%emt 00:00:06]} 13. h3 {[%clk 00:04:16]} {[%emt 00:00:22]} c5 {[%clk
00:04:41]} {[%emt 00:00:04]} 14. a3 {[%clk 00:03:40]} {[%emt 00:00:37]} Qb8
{[%clk 00:04:23]} {[%emt 00:00:20]} 15. Ne5 {[%clk 00:03:09]} {[%emt 00:00:32]}
Rfd8 {[%clk 00:04:05]} {[%emt 00:00:20]} 16. cxd5 {[%clk 00:02:59]} {[%emt
00:00:13]} Nxd5 {[%clk 00:03:21]} {[%emt 00:00:46]} 17. Bh7+ {[%clk 00:02:47]}
{[%emt 00:00:14]} Kf8 {[%clk 00:03:23]} 18. Nxd7+ {[%clk 00:02:40]} {[%emt
00:00:08]} Rxd7 {[%clk 00:03:05]} {[%emt 00:00:21]} 19. dxc5 {[%clk 00:02:23]}
{[%emt 00:00:20]} Bxc5 {[%clk 00:02:58]} {[%emt 00:00:08]} 20. Nxd5 {[%clk
00:01:54]} {[%emt 00:00:31]} Rxd5 {[%clk 00:02:36]} {[%emt 00:00:24]} 21. Rxd5
{[%clk 00:01:51]} {[%emt 00:00:05]} exd5 {[%clk 00:02:28]} {[%emt 00:00:10]} 22.
Qf5 {[%clk 00:01:37]} {[%emt 00:00:16]} Bd6 {[%clk 00:01:14]} {[%emt 00:01:14]}
23. Rd1 {[%clk 00:01:12]} {[%emt 00:00:28]} Qc7 {[%clk 00:01:01]} {[%emt
00:00:15]} 24. Qg4 {[%clk 00:01:04]} {[%emt 00:00:10]} Be5 {[%clk 00:00:58]}
{[%emt 00:00:06]} 25. Qb4+ {[%clk 00:00:50]} {[%emt 00:00:16]} Ke8 {[%clk
00:00:36]} {[%emt 00:00:24]} 26. Bxe5 {[%clk 00:00:39]} {[%emt 00:00:13]} Qxe5
{[%clk 00:00:37]} {[%emt 00:00:02]} 27. Bd3 {[%clk 00:00:38]} {[%emt 00:00:02]}
Qe7 {[%clk 00:00:33]} {[%emt 00:00:06]} 28. Bb5+ {[%clk 00:00:36]} {[%emt
00:00:03]} Kf8 {[%clk 00:00:35]} 29. Qd4 {[%clk 00:00:29]} {[%emt 00:00:09]}
Qxa3 {[%clk 00:00:29]} {[%emt 00:00:08]} 30. b4 {[%clk 00:00:21]} {[%emt
00:00:10]} Qc3 {[%clk 00:00:24]} {[%emt 00:00:05]} 31. Qg4 {[%clk 00:00:18]}
{[%emt 00:00:06]} Rd8 {[%clk 00:00:20]} {[%emt 00:00:06]} 32. Rd4 {[%clk
00:00:15]} {[%emt 00:00:06]} a6 {[%clk 00:00:20]} {[%emt 00:00:02]} 33. Bd7
{[%clk 00:00:13]} {[%emt 00:00:04]} Qc1+ {[%clk 00:00:20]} {[%emt 00:00:01]}
0-1

[Event "World Youth & Cadets Blitz Championships"]
[Site "Rhodes, Greece"]
[Date "2022.05.03"]
[Round "8.32"]
[White "Nurgali, Nazerke"]
[Black "Marcinczyk, Monika"]
[Result "1-0"]
[TimeControl "5'/game & 2\"/move"]
[WhiteElo "2016"]
[BlackElo "1738"]

1. d4 {[%clk 00:05:03]} Nf6 {[%clk 00:05:03]} {[%emt 00:00:01]} 2. c4 {[%clk
00:05:03]} {[%emt 00:00:02]} e6 {[%clk 00:05:04]} {[%emt 00:00:01]} 3. g3
{[%clk 00:05:03]} {[%emt 00:00:02]} c5 {[%clk 00:05:00]} {[%emt 00:00:06]} 4.
d5 {[%clk 00:05:04]} {[%emt 00:00:02]} exd5 {[%clk 00:04:52]} {[%emt 00:00:10]}
5. cxd5 {[%clk 00:05:04]} d6 {[%clk 00:04:52]} {[%emt 00:00:02]} 6. Nc3 {[%clk
00:05:02]} {[%emt 00:00:04]} g6 {[%clk 00:04:49]} {[%emt 00:00:05]} 7. Bg2
{[%clk 00:05:00]} {[%emt 00:00:04]} Bg7 {[%clk 00:04:49]} {[%emt 00:00:02]} 8.
Nf3 {[%clk 00:04:58]} {[%emt 00:00:04]} O-O {[%clk 00:04:49]} {[%emt 00:00:03]}
9. O-O {[%clk 00:04:57]} {[%emt 00:00:02]} Re8 {[%clk 00:04:46]} {[%emt
00:00:05]} 10. Bf4 {[%clk 00:04:52]} {[%emt 00:00:06]} a6 {[%clk 00:04:46]}
{[%emt 00:00:03]} 11. a4 {[%clk 00:04:53]} {[%emt 00:00:01]} Ne4 {[%clk
00:04:29]} {[%emt 00:00:20]} 12. Nxe4 {[%clk 00:04:49]} {[%emt 00:00:05]} Rxe4
{[%clk 00:04:29]} {[%emt 00:00:02]} 13. Nd2 {[%clk 00:04:47]} {[%emt 00:00:04]}
Rb4 {[%clk 00:04:29]} {[%emt 00:00:02]} 14. Ne4 {[%clk 00:04:37]} {[%emt
00:00:13]} Bxb2 {[%clk 00:04:12]} {[%emt 00:00:18]} 15. Rb1 {[%clk 00:04:26]}
{[%emt 00:00:14]} Be5 {[%clk 00:04:11]} {[%emt 00:00:02]} 16. Bxe5 {[%clk
00:04:19]} {[%emt 00:00:09]} dxe5 {[%clk 00:04:07]} {[%emt 00:00:06]} 17. Nxc5
{[%clk 00:04:15]} {[%emt 00:00:06]} Rd4 {[%clk 00:03:39]} {[%emt 00:00:30]} 18.
Qb3 {[%clk 00:04:11]} {[%emt 00:00:06]} Qe7 {[%clk 00:02:27]} {[%emt 00:01:14]}
19. Nxb7 {[%clk 00:03:38]} {[%emt 00:00:35]} e4 {[%clk 00:02:25]} {[%emt
00:00:04]} 20. Na5 {[%clk 00:03:13]} {[%emt 00:00:27]} Bd7 {[%clk 00:02:08]}
{[%emt 00:00:19]} 21. Qb7 {[%clk 00:03:03]} {[%emt 00:00:11]} 1-0

[Event "World Youth & Cadets Blitz Championships"]
[Site "Rhodes, Greece"]
[Date "2022.05.03"]
[Round "8.33"]
[White "Mihelic, Vesna"]
[Black "Omonova, Umida"]
[Result "0-1"]
[TimeControl "5'/game & 2\"/move"]
[WhiteElo "1879"]
[BlackElo "1817"]

1. e4 {[%clk 00:05:03]} c5 {[%clk 00:05:04]} 2. Nf3 {[%clk 00:05:04]} {[%emt
00:00:02]} Nc6 3. Bb5 {[%clk 00:05:04]} {[%emt 00:00:02]} g6 {[%clk 00:05:06]}
4. O-O {[%clk 00:05:04]} {[%emt 00:00:02]} Bg7 {[%clk 00:05:08]} 5. Re1 {[%clk
00:05:05]} {[%emt 00:00:03]} Nf6 {[%clk 00:05:09]} 6. e5 {[%clk 00:05:02]}
{[%emt 00:00:06]} Nd5 {[%clk 00:05:10]} 7. Nc3 {[%clk 00:05:02]} {[%emt
00:00:02]} Nc7 8. Bxc6 {[%clk 00:04:57]} dxc6 {[%clk 00:05:13]} 9. d3 {[%clk
00:04:52]} {[%emt 00:00:07]} O-O {[%emt 00:00:06]} 10. Bf4 {[%emt 00:00:04]}
Ne6 {[%clk 00:05:09]} {[%emt 00:00:05]} 11. Bg3 {[%clk 00:04:44]} {[%emt
00:00:05]} Nd4 {[%clk 00:05:10]} 12. Nxd4 {[%clk 00:04:38]} {[%emt 00:00:09]}
cxd4 {[%clk 00:05:04]} {[%emt 00:00:08]} 13. Ne4 {[%clk 00:04:28]} {[%emt
00:00:11]} b6 {[%clk 00:05:01]} {[%emt 00:00:06]} 14. c4 {[%emt 00:00:12]} dxc3
{[%clk 00:05:01]} 15. bxc3 {[%clk 00:04:20]} {[%emt 00:00:01]} c5 {[%emt
00:00:04]} 16. d4 {[%clk 00:04:04]} {[%emt 00:00:16]} cxd4 {[%clk 00:05:01]}
{[%emt 00:00:02]} 17. cxd4 {[%emt 00:00:02]} Bb7 {[%emt 00:00:01]} 18. Rc1
{[%clk 00:03:58]} {[%emt 00:00:07]} Qd5 {[%clk 00:04:56]} {[%emt 00:00:09]} 19.
f3 {[%clk 00:03:47]} {[%emt 00:00:13]} Rfd8 {[%clk 00:04:53]} {[%emt 00:00:05]}
20. Rc7 {[%clk 00:03:42]} {[%emt 00:00:07]} Kf8 {[%clk 00:04:46]} {[%emt
00:00:09]} 21. Bh4 {[%clk 00:03:17]} {[%emt 00:00:27]} Rd7 {[%clk 00:04:22]}
{[%emt 00:00:25]} 22. Nc3 {[%clk 00:02:55]} {[%emt 00:00:25]} Rxc7 {[%clk
00:03:58]} {[%emt 00:00:26]} 23. Nxd5 {[%clk 00:02:54]} {[%emt 00:00:02]} Bxd5
{[%clk 00:03:59]} {[%emt 00:00:01]} 24. Qa4 {[%clk 00:02:43]} {[%emt 00:00:13]}
Rac8 {[%clk 00:04:00]} {[%emt 00:00:02]} 25. h3 {[%clk 00:02:31]} {[%emt
00:00:14]} Bh6 {[%clk 00:03:57]} {[%emt 00:00:05]} 26. Qa3 {[%clk 00:02:23]}
{[%emt 00:00:10]} Bd2 {[%clk 00:02:53]} {[%emt 00:01:06]} 27. Rd1 {[%clk
00:02:15]} {[%emt 00:00:09]} Bc3 {[%clk 00:02:54]} 28. Rd3 {[%clk 00:02:10]}
{[%emt 00:00:08]} Ba5 {[%clk 00:02:46]} {[%emt 00:00:11]} 29. Kh2 {[%clk
00:02:05]} {[%emt 00:00:07]} h6 {[%clk 00:02:46]} {[%emt 00:00:03]} 30. f4
{[%clk 00:02:00]} {[%emt 00:00:06]} Rd7 {[%clk 00:02:42]} {[%emt 00:00:06]} 31.
Qa4 {[%clk 00:01:47]} {[%emt 00:00:15]} Ke8 {[%clk 00:02:27]} {[%emt 00:00:17]}
32. Bf2 {[%clk 00:00:50]} {[%emt 00:00:58]} Rc4 {[%clk 00:02:23]} {[%emt
00:00:07]} 33. Qd1 {[%clk 00:00:49]} {[%emt 00:00:03]} Rdc7 {[%clk 00:02:24]}
{[%emt 00:00:01]} 34. Rg3 {[%clk 00:00:43]} {[%emt 00:00:07]} Rc2 {[%clk
00:02:24]} {[%emt 00:00:02]} 35. Be3 {[%clk 00:00:29]} {[%emt 00:00:17]} e6
{[%clk 00:02:11]} {[%emt 00:00:15]} 36. h4 {[%clk 00:00:15]} {[%emt 00:00:16]}
h5 {[%clk 00:02:11]} {[%emt 00:00:02]} 37. f5 {[%clk 00:00:12]} {[%emt
00:00:04]} exf5 {[%clk 00:02:13]} {[%emt 00:00:01]} 38. e6 {[%clk 00:00:12]}
{[%emt 00:00:02]} fxe6 {[%clk 00:02:03]} {[%emt 00:00:11]} 39. Rxg6 {[%clk
00:00:12]} {[%emt 00:00:02]} Kd7 {[%clk 00:02:04]} {[%emt 00:00:02]} 40. Qxh5
{[%clk 00:00:11]} {[%emt 00:00:02]} 0-1